00207nam a2200085Ia 4500008004100000100001500041245004200056260001400098260000900112170617s9999 xx 000 0 und d aKalia- A.N 0aText book of Industrial Pharmacognosy bC B S Pub c2009